01544nam a2200373 i 4500003000900000005001700009007000300026008004100029040003000070041000800100082002800108100004300136245012200179264004900301300004600350336002700396337003300423338002800456490007100484490003100555504007000586504003300656590002700689650003600716650003700752650004200789651004500831700005800876710005100934910001400985942001400999952014001013999001701153DO-SdBNP20260520104306.0ta250725s2001 dr a r 000 0 spa d aDO-SdBNPbspacBNPHUerda aspa a341.37bA696m, 20012221 aArias Nuñez, Luis,eautor4aut9935610aManual de procedimientos de tratados internacionales /cLuis Arias Núñez ; prólogo Enmanuel T. Esquea Guerrero. 1aSanto Domingo :bEditora Centenario, c2001. a145 páginas ;bilustraciones : c21 cm. atextobtxt2rdacontent asin mediaciónbn2rdamedia avolumenbnc2rdacarrier1 aPublicaciones de la Universidad Autónoma de Santo Domingo ;v7710 aDerecho y política ;v11 aIncluye referencias bibliográficas y notas al pie de páginas. aBibliografía : p. 141-142. aInventariado, 2025/ YL 4aNegociaciones comerciales99612 0aRelaciones internacionales 9399 4aDerecho internacional público99388 4aTratados InternacionalesxManuales9961112aEsquea Guerrero, Enmanuel T.,eprologuista996134pr.12aUniversidad Autónoma de Santo Domingo972951 aYLockward 2ddccLBS1 00102ddc51708PDaBNPHUbBNPHUcCTd2018-08-06eDonación l0oBNPHU PD 341.37 A696m, 2001p2025-7234r2025-07-25w2025-07-25yLBS1 c59630d59630